<?xml version="1.0" encoding="UTF-8"?>
<record
    xmlns:xsi="http://www.w3.org/2001/XMLSchema-instance"
    xsi:schemaLocation="http://www.loc.gov/MARC21/slim http://www.loc.gov/standards/marcxml/schema/MARC21slim.xsd"
    xmlns="http://www.loc.gov/MARC21/slim">

  <leader>04294cam a2200409   4500500</leader>
  <controlfield tag="005">20260322012322.0</controlfield>
  <datafield tag="041" ind1=" " ind2=" ">
    <subfield code="a">fre</subfield>
  </datafield>
  <datafield tag="042" ind1=" " ind2=" ">
    <subfield code="a">dc</subfield>
  </datafield>
  <datafield tag="100" ind1="1" ind2="0">
    <subfield code="a">Perron, Am&#xE9;lie</subfield>
    <subfield code="e">author</subfield>
  </datafield>
  <datafield tag="700" ind1="1" ind2="0">
    <subfield code="a">Smaili, Nadia</subfield>
    <subfield code="e">author</subfield>
  </datafield>
  <datafield tag="700" ind1="1" ind2="0">
    <subfield code="a">Gagnon, Marilou</subfield>
    <subfield code="e">author</subfield>
  </datafield>
  <datafield tag="700" ind1="1" ind2="0">
    <subfield code="a">Pariseau-Legault, Pierre</subfield>
    <subfield code="e">author</subfield>
  </datafield>
  <datafield tag="700" ind1="1" ind2="0">
    <subfield code="a">Martin, Patrick</subfield>
    <subfield code="e">author</subfield>
  </datafield>
  <datafield tag="700" ind1="1" ind2="0">
    <subfield code="a">Wright, David</subfield>
    <subfield code="e">author</subfield>
  </datafield>
  <datafield tag="700" ind1="1" ind2="0">
    <subfield code="a">Dufour, Caroline</subfield>
    <subfield code="e">author</subfield>
  </datafield>
  <datafield tag="700" ind1="1" ind2="0">
    <subfield code="a">Marcogliese, Emily</subfield>
    <subfield code="e">author</subfield>
  </datafield>
  <datafield tag="700" ind1="1" ind2="0">
    <subfield code="a">Carnevale, Franco</subfield>
    <subfield code="e">author</subfield>
  </datafield>
  <datafield tag="700" ind1="1" ind2="0">
    <subfield code="a">Ouellette, Hanna</subfield>
    <subfield code="e">author</subfield>
  </datafield>
  <datafield tag="245" ind1="0" ind2="0">
    <subfield code="a">Les lanceurs d&#x2019;alerte infirmiers, pierre angulaire de la d&#xE9;mocratisation des services de sant&#xE9;</subfield>
  </datafield>
  <datafield tag="260" ind1=" " ind2=" ">
    <subfield code="c">2026.
							</subfield>
  </datafield>
  <datafield tag="500" ind1=" " ind2=" ">
    <subfield code="a">11</subfield>
  </datafield>
  <datafield tag="520" ind1=" " ind2=" ">
    <subfield code="a">Cet article discute du r&#xF4;le des alertes &#xE9;thiques (divulgation ou whistleblowing) initi&#xE9;es par des professionnels de sant&#xE9; dans l&#x2019;&#xE9;mancipation des usagers et le renforcement de leurs droits et de la d&#xE9;mocratie sanitaire. Nous mobilisons la Th&#xE9;orie d&#x2019;&#xE9;mancipation de Christian Welzel (2013) pour examiner dans quelle mesure les actions prosociales des professionnels de sant&#xE9; lanceurs d&#x2019;alerte, et les risques qu&#x2019;ils encourent en cons&#xE9;quence, s&#x2019;ins&#xE8;rent dans les trois piliers de l&#x2019;&#xE9;mancipation propos&#xE9;s par C. Welzel, &#xE0; savoir la motivation, les ressources et la protection. Notre propos est illustr&#xE9; empiriquement par des t&#xE9;moignages recueillis dans le cadre d&#x2019;une &#xE9;tude qualitative aupr&#xE8;s d&#x2019;infirmi&#xE8;res et infirmiers lanceurs d&#x2019;alerte. Nous concluons que le lancement d&#x2019;alerte &#xE9;thique constitue une forme de pouvoir d&#x2019;agir des professionnels de sant&#xE9; qui prot&#xE8;ge &#xE0; son tour le pouvoir d&#x2019;agir des usagers et renforce la transparence et la responsabilit&#xE9; d&#xE9;mocratique des syst&#xE8;mes de sant&#xE9; contemporains.</subfield>
  </datafield>
  <datafield tag="520" ind1=" " ind2=" ">
    <subfield code="a">This article discusses the role of healthcare whistleblowing in patient emancipation and the strengthening of patients&#x2019; rights and democracy in healthcare. Drawing on Christian Welzel&#x2019;s Theory of Emancipation (2013), we examine the extent to which the prosocial actions of healthcare professionals who blow the whistle, and the risks they incur as a result, fit into the three pillars of emancipation proposed by C. Welzel, namely motivation, resources and protection. We empirically illustrate our analysis using testimonies collected as part of a qualitative study of nurses who blew the whistle on wrongdoing. We conclude that whistleblowing reflects healthcare professionals&#x2019; power to act, which in turn protects patients&#x2019; power to act and strengthens transparency and democratic accountability within contemporary healthcare systems.</subfield>
  </datafield>
  <datafield tag="520" ind1=" " ind2=" ">
    <subfield code="a">Este art&#xED;culo analiza el papel de las alertas &#xE9;ticas (divulgaci&#xF3;n o whistleblowing) iniciadas por profesionales sanitarios en la emancipaci&#xF3;n de los pacientes y el fortalecimiento de sus derechos y de la democracia sanitaria. Bas&#xE1;ndonos en la Teor&#xED;a de la Emancipaci&#xF3;n de Christian Welzel (2013), examinamos c&#xF3;mo las acciones prosociales de los profesionales sanitarios denunciantes, y los riesgos en que incurren como consecuencia de ello, se inscriben en los tres pilares de la emancipaci&#xF3;n propuestos por C. Welzel, a saber, la motivaci&#xF3;n, los recursos y la protecci&#xF3;n. Nuestro argumento se ilustra emp&#xED;ricamente mediante testimonios recopilados en el marco de un estudio cualitativo en torno a enfermeras y enfermeros denunciantes. Concluimos que la alerta &#xE9;tica constituye una forma de una forma de poder de actuar de los profesionales sanitarios, que a su vez protege el poder de actuar de los pacientes y refuerza la transparencia y la responsabilidad democr&#xE1;tica de los sistemas de salud contempor&#xE1;neos.</subfield>
  </datafield>
  <datafield tag="690" ind1=" " ind2=" ">
    <subfield code="a">d&#xE9;mocratie sanitaire</subfield>
  </datafield>
  <datafield tag="690" ind1=" " ind2=" ">
    <subfield code="a">droits des usagers</subfield>
  </datafield>
  <datafield tag="690" ind1=" " ind2=" ">
    <subfield code="a">gouvernance de sant&#xE9;</subfield>
  </datafield>
  <datafield tag="690" ind1=" " ind2=" ">
    <subfield code="a">lancement d&#x2019;alerte &#xE9;thique</subfield>
  </datafield>
  <datafield tag="690" ind1=" " ind2=" ">
    <subfield code="a">Th&#xE9;orie d&#x2019;&#xE9;mancipation de Welzel</subfield>
  </datafield>
  <datafield tag="690" ind1=" " ind2=" ">
    <subfield code="a">healthcare democracy</subfield>
  </datafield>
  <datafield tag="690" ind1=" " ind2=" ">
    <subfield code="a">healthcare governance</subfield>
  </datafield>
  <datafield tag="690" ind1=" " ind2=" ">
    <subfield code="a">patient rights</subfield>
  </datafield>
  <datafield tag="690" ind1=" " ind2=" ">
    <subfield code="a">Welzel&#x2019;s theory of emancipation</subfield>
  </datafield>
  <datafield tag="690" ind1=" " ind2=" ">
    <subfield code="a">whistleblowing</subfield>
  </datafield>
  <datafield tag="786" ind1="0" ind2=" ">
    <subfield code="n">La Revue des Sciences de Gestion | 336 | 6 | 2026-02-13 | p. 11-23 | 1160-7742</subfield>
  </datafield>
  <datafield tag="856" ind1="4" ind2="1">
    <subfield code="u">https://shs.cairn.info/revue-la-revue-des-sciences-de-gestion-2025-6-page-11?lang=fr&amp;redirect-ssocas=7080</subfield>
  </datafield>
  <datafield tag="999" ind1=" " ind2=" ">
    <subfield code="c">1771691</subfield>
    <subfield code="d">1771691</subfield>
  </datafield>
</record>
